Pozitívne a negatívne dôsledky vstupu Španielska a Portugalska do Európskych spoločenstiev.

Opatrenia španielskej a portugalskej vlády, zamerané na rozvoj ekonomiky a štruktúrne zmeny pred vstupom do Európskych spoločenstiev. Dôraz na privatizačné procesy v ekonomike. Zvyšovanie efektívnosti infraštruktúry. Hospodárskopolitické opatrenia na zabezpečenie prílevu zahraničného kapitálu. Podpo...

ver descrição completa

Na minha lista:
Detalhes bibliográficos
Autor principal: Valent, S.
Formato: Capítulo de Livro
Idioma:eslovaco
Assuntos:
Tags: Adicionar Tag
Sem tags, seja o primeiro a adicionar uma tag!

MARC

LEADER 00000naa a2200000 4500
001 r010366
005 20220831090054.0
041 0 |a slo 
044 |a [CS] 
245 1 0 |a Pozitívne a negatívne dôsledky vstupu Španielska a Portugalska do Európskych spoločenstiev.  |c S. Valent 
520 |a Opatrenia španielskej a portugalskej vlády, zamerané na rozvoj ekonomiky a štruktúrne zmeny pred vstupom do Európskych spoločenstiev. Dôraz na privatizačné procesy v ekonomike. Zvyšovanie efektívnosti infraštruktúry. Hospodárskopolitické opatrenia na zabezpečenie prílevu zahraničného kapitálu. Podpora rastu zamestnanosti. 
610 2 0 |a Španielsko 
610 2 0 |a Portugalsko 
610 2 0 |a Európske spoločenstvá 
610 2 0 |a zmeny štruktúrne 
610 2 0 |a infraštruktúra 
610 2 0 |a zamestnanosť 
610 2 0 |a kapitál zahraničný 
610 2 0 |a integrácia ekonomická medzinárodná 
610 2 0 |a privatizácia 
610 2 0 |a rozvoj hospodársky 
610 2 0 |a priemysel 
610 2 0 |a politika sociálna 
610 2 0 |a vzťahy hospodárske medzinárodné 
610 2 0 |a obchod zahraničný 
100 1 |a Valent, S.